000
00286nam a22001337a 4500
003
SGT
020
_a
978-15433426-73
100
_a
RANDHAWA, S.S
245
_a
ENVIRONMENTAL SCIENCE
250
_a
1st
260
_a
S, VIKAS.2CO
_b
JALENDHAR
_c
2020
650
_a
SCIENCE
942
_2
ddc
_c
BK
999
_c
24746
_d
24746